000 02417nam a2200349 i 4500
001 768714001
003 CO-MdFUSB
005 20220630145931.0
007 ta
008 131029t2014 inu ob 001 0 eng d
020 _z1575062879
040 _aMiAaPQ
_beng
_cCO-MdFUSB
_dMiAaPQ
_erda
_epn
041 _aeng
082 _223
_a224.706
_bB255
100 1 _aBarker, Joel,
_d1979-
_eautor
245 1 0 _aFrom the depths of despair to the promise of presence :
_ba rhetorical reading of the book of Joel /
_cJoel Barker.
264 1 _aWinona Lake, Indiana :
_bEisenbrauns,
_c[2014]
264 4 _c© 2014
300 _a298 páginas
_c; 24 cm
336 _atexto
_2rdacontent.
_btxt
337 _asin mediación
_2rdamedia.
_bn
338 _avolumen
_2rdacarrier.
_bnc
490 1 _aSiphrut : literature and theology of the Hebrew Scriptures ;
504 _aIncluye referencias bibliográficas e índice.
505 _aIntroducción -- El Proceso de Persuasión: Un Modelo Retórico-Crítico para el Estudio de la Literatura Profética -- Anunciando la Crisis: Análisis Retórico de Joel 1:1-14 -- "A Ti, Oh Yhwh, Clamo": Análisis Retórico de Joel 1 :15-20 --Desesperación en el Día Grande y Terrible de Yhwh: Análisis Retórico de Joel 2:1-11 -- Señales de Esperanza: Análisis Retórico de Joel 2:12-17 -- Revirtiendo la Crisis: Análisis Retórico de Joel 2:18-27 -- Derramando el Espíritu de Yhwh: Análisis Retórico de Joel 3:1-5 -- La Promesa de la Presencia de Yhwh Análisis Retórico de Joel 4:1-21 -- Conclusión.
520 _a Durante décadas, el libro profético de Joel ha sido el centro de un escrutinio que desmiente su brevedad. Captura a los lectores con sus vívidas descripciones de langostas e invasiones militares y la angustia que causan. Luego revela la preocupación de YHWH por la comunidad del pacto al revertir sistemáticamente las crisis que anuncia. El libro de Joel también ofrece una ventana a la función retórica del "día de YHWH", ya que usa la frase para anunciar tanto el juicio como la restauración. Reflejando la creatividad del espíritu profético del Antiguo Testamento, el libro guía a sus lectores de la angustia total a la esperanza de la restauración, arraigada en la presencia de YHWH.
630 0 7 _aBiblia.
_pJoel
_xCrítica, interpretación, etc
830 0 _aSiphrut ;
_v11.
942 _cBK
945 _aJTF-925
999 _c67613
_d67613